[Event "Saint Quentin op 5th"]
[Site "Saint Quentin"]
[Date "2002.??.??"]
[Round "3"]
[White "Perrichon, Daniel"]
[Black "Winckel, Fabrice"]
[Result "1-0"]
[WhiteElo "2010"]
[BlackElo "1710"]
[PlyCount "49"]
[EventDate "2002.04.21"]
[EventType "swiss"]
[EventRounds "9"]
[EventCountry "FRA"]
[SourceTitle "CBM 088 Extra"]
[Source "ChessBase"]
[SourceDate "2002.07.01"]
[SourceVersion "2"]
[SourceVersionDate "2002.07.01"]
[SourceQuality "1"]

1. d4 d5 2. Nf3 c6 3. e3 Bg4 4. c4 e6 5. Qb3 Qc7 6. Nbd2 Nf6 7. Bd3 Nbd7 8. 0-0 Be7 9. Re1 0-0 10. Qc2 Rac8 11. b3 Bh5 12. Bb2 Bg6 13. e4 dxe4 14. Nxe4 Nxe4 15. Bxe4 Bxe4 16. Rxe4 Bf6 17. g4 h6 18. Kh1 c5 19. Rg1 cxd4 20. g5 hxg5 21. Nxg5 d3 22. Qxd3 Bxb2 23. Rxe6 f5 24. Qd5 Kh8 25. Rg3 1-0